000 01331nam a2200337 a 4500
001 ebr10722552
003 CaPaEBR
006 m o u
007 cr cn|||||||||
008 150303s2013 njuao s 001 0 eng d
020 _z9781118554807
020 _z9781118554999 (e-book)
040 _aCaPaEBR
_cCaPaEBR
035 _a(OCoLC)854892453
050 1 4 _aTK5105.8884
_b.C85 2013eb
082 0 4 _a006.752
_223
100 1 _aCulbertson, Melissa.
245 1 0 _aBlog design for dummies
_h[electronic resource] /
_cby Melissa Culbertson.
260 _aHoboken, N.J. :
_bJohn Wiley & Sons,
_cc2013.
300 _a1 online resource (xii, 336 p.) :
_bcol. ill., photographs.
490 0 _a--For dummies
500 _a"Making Everything Easier!"--Cover.
500 _aIncludes index.
533 _aElectronic reproduction.
_bPalo Alto, Calif. :
_cebrary,
_d2015.
_nAvailable via World Wide Web.
_nAccess may be limited to ebrary affiliated libraries.
588 _aDescription based on online resource; title from title page (ebrary, viewed July 4, 2013).
650 0 _aBlogs.
650 0 _aOnline social networks.
655 7 _aElectronic books.
_2local
710 2 _aebrary, Inc.
856 4 0 _uhttp://site.ebrary.com/lib/rucke/Doc?id=10722552
_zAn electronic book accessible through the World Wide Web; click to view
999 _c39411
_d39411